| 000 | 00606nam a2200193 a 4500 | ||
|---|---|---|---|
| 005 | 20140310183552.0 | ||
| 008 | 111015s19uu xx 00 eng d | ||
| 020 | _a9781412938440 | ||
| 050 |
_aLB 1028.3 _b.J85 2010 |
||
| 100 | _aJukes, Ian | ||
| 245 |
_aUnderstanding the digital generation : _bteaching and learning in the new digital landscape / _cIan Jukes |
||
| 260 |
_aCanada : _b21st Century Fluency Project, _c2010. |
||
| 300 |
_a150 p. : _bill. ; _c24 cm. |
||
| 521 | _aEDU | ||
| 650 | _aEducational technology | ||
| 650 | _aEducational innovations | ||
| 942 |
_cBK _2lcc _kFOR |
||
| 999 |
_c24966 _d24966 |
||